000
00249nam a2200097Ia 4500
001
643308
005
20250826153543.0
008
250824s9999 xx 000 0 und d
245
0
_a
SUMARNA 1 ÇOCUK MUHAFIZ
_c
MEHMET BALTAOĞLU
260
_b
GENÇ TİMAŞ
999
_c
643308
_d
643308